000 002740000a22000970004500
100 1 _aGillmayr Buchel, Susanne
245 1 0 _aBody images in the Psalms
300 _aVol. 28, Núm 3 (2004), Páginas 301-326
773 0 _tJournal for the Study of the Old Testament
942 _cANA
999 _c54921
_d54921